[Event "Ulm/Neu Ulm-ch"]
[Site "Ulm/Neu Ulm"]
[Date "2007.10.05"]
[Round "2"]
[White "Andritzke, Karl Heinz"]
[Black "Rix, Michael"]
[Result "0-1"]
[WhiteElo "1405"]
[BlackElo "1617"]
[PlyCount "40"]
[EventDate "2007.09.21"]
[EventType "swiss"]
[EventRounds "7"]
[EventCountry "GER"]
[SourceTitle "EXT 2011"]
[Source "ChessBase"]
[SourceDate "2010.11.26"]
[SourceVersion "1"]
[SourceVersionDate "2010.11.26"]
[SourceQuality "1"]

1. f4 d5 2. Nf3 Nf6 3. e3 Bf5 4. b3 h6 5. Bb2 e6 6. Be2 Be7 7. 0-0 Nbd7 8. Bb5 0-0 9. Bxd7 Nxd7 10. Ne5 Bf6 11. d4 c5 12. Ba3 Rc8 13. Nxd7 Qxd7 14. Bxc5 Rxc5 15. Nd2 Rxc2 16. Nf3 Rfc8 17. Rf2 Rxf2 18. Kxf2 Rc2+ 19. Nd2 Qc6 20. h3 Qc3 0-1

[Event "Wuerttemberg-ch KT"]
[Site "Tuebingen"]
[Date "2007.08.28"]
[Round "4"]
[White "Kaulich, Philipp Theodor"]
[Black "Rix, Michael"]
[Result "0-1"]
[WhiteElo "1576"]
[BlackElo "1837"]
[PlyCount "122"]
[EventDate "2007.08.25"]
[EventType "swiss"]
[EventRounds "9"]
[EventCountry "GER"]
[SourceTitle "CBM 120 Extra"]
[Source "ChessBase"]
[SourceDate "2007.11.01"]
[SourceVersion "1"]
[SourceVersionDate "2007.11.01"]
[SourceQuality "1"]

1. e4 c5 2. d4 cxd4 3. c3 dxc3 4. Nxc3 Nc6 5. Nf3 d6 6. Bc4 e6 7. 0-0 Be7 8. Qe2 a6 9. Rd1 Qc7 10. Be3 Bd7 11. Rac1 Nf6 12. h3 Rc8 13. Bb3 b5 14. Qd3 0-0 15. Ne2 Qb7 16. a3 Na5 17. Bc2 Nc4 18. b4 Nb2 19. Qd2 Nxd1 20. Rxd1 Nxe4 21. Qd3 f5 22. Nd2 Nxd2 23. Qxd2 Bc6 24. f3 Bd5 25. Nf4 Bc4 26. Bd3 Bxd3 27. Qxd3 Qd7 28. Qb3 Rc4 29. Nd3 Qc6 30. Rc1 Rxc1+ 31. Nxc1 d5 32. Nd3 Qc4 33. Qxc4 bxc4 34. Ne5 Bd6 35. Nd7 Re8 36. Nc5 Bxc5 37. bxc5 e5 38. f4 d4 39. Bc1 e4 40. Kf2 Rc8 41. Ke2 Rxc5 42. g4 g6 43. g5 d3+ 44. Ke3 c3 45. h4 d2 46. Bxd2 cxd2 47. Kxd2 Ra5 48. Ke2 Rxa3 49. h5 Rf3 50. h6 a5 51. Kd2 a4 52. Kc2 a3 53. Kb1 e3 54. Kc2 a2 55. Kb2 Rf2+ 56. Ka1 e2 57. Kxa2 e1Q+ 58. Kb3 Rxf4 59. Ka3 Qe3+ 60. Kb2 Rf2+ 61. Kb1 Qe1# 0-1

[Event "Wuerttemberg-ch KT"]
[Site "Tuebingen"]
[Date "2007.08.26"]
[Round "2"]
[White "Hedler, Thomas"]
[Black "Rix, Michael"]
[Result "1-0"]
[WhiteElo "2019"]
[BlackElo "1837"]
[PlyCount "39"]
[EventDate "2007.08.25"]
[EventType "swiss"]
[EventRounds "9"]
[EventCountry "GER"]
[SourceTitle "CBM 120 Extra"]
[Source "ChessBase"]
[SourceDate "2007.11.01"]
[SourceVersion "1"]
[SourceVersionDate "2007.11.01"]
[SourceQuality "1"]

1. Nc3 e5 2. Nf3 Nc6 3. d4 exd4 4. Nxd4 Nxd4 5. Qxd4 Nf6 6. Bg5 Be7 7. 0-0-0 d6 8. e4 0-0 9. f3 Nd7 10. Bxe7 Qxe7 11. Nd5 Qd8 12. h4 f5 13. exf5 Rxf5 14. Bc4 Kh8 15. Bd3 Rh5 16. Nf4 Rh6 17. Rde1 Ne5 18. Rxe5 b6 19. Rg5 Qe7 20. Nh5 1-0

[Event "Stuttgart-chB int"]
[Site "Ditzingen"]
[Date "2006.05.26"]
[Round "3"]
[White "Rix, Michael"]
[Black "Rough, Robert E"]
[Result "1/2-1/2"]
[WhiteElo "1860"]
[BlackElo "1459"]
[PlyCount "100"]
[EventDate "2006.05.25"]
[EventType "swiss"]
[EventRounds "7"]
[EventCountry "GER"]
[SourceTitle "EXT 2018"]
[Source "ChessBase"]
[SourceDate "2017.10.13"]
[SourceVersion "1"]
[SourceVersionDate "2017.10.13"]
[SourceQuality "1"]

1. d4 d5 2. Nf3 Nf6 3. c4 c6 4. g3 e6 5. Bg2 Be7 6. 0-0 0-0 7. Nc3 Nbd7 8. Qc2 a6 9. a4 b6 10. cxd5 cxd5 11. Bf4 Nh5 12. Bd2 Nhf6 13. Rfd1 Bb7 14. Rac1 Bd6 15. Be1 Rc8 16. Qb1 Qe7 17. Nd2 Rfd8 18. e4 dxe4 19. Ndxe4 Nxe4 20. Nxe4 Bd5 21. Bd2 Bxe4 22. Bxe4 Nf6 23. Bg5 h6 24. Rxc8 Rxc8 25. Bxf6 Qxf6 26. Bb7 Rc4 27. Qd3 Rxa4 28. Bxa6 Rb4 29. Qc3 g6 30. b3 Bc5 31. Bc4 b5 32. Qd2 bxc4 33. dxc5 Rxb3 34. c6 c3 35. Qd8+ Qxd8 36. Rxd8+ Kg7 37. c7 c2 38. Rg8+ Kf6 39. c8Q Rb1+ 40. Kg2 c1Q 41. Qd8+ Kf5 42. Qd3+ Kf6 43. Qd4+ Kf5 44. g4+ Kg5 45. Qe5+ f5 46. Rxg6+ Kxg6 47. Qxe6+ Kg7 48. Qe7+ Kg8 49. Qe8+ Kg7 50. Qe7+ Kg8 1/2-1/2

[Event "Landesliga Nord 0304"]
[Site "Bayern"]
[Date "2004.04.25"]
[Round "9.3"]
[White "Rix, Michael"]
[Black "Palek, Miroslav"]
[Result "1/2-1/2"]
[WhiteElo "2047"]
[BlackElo "2184"]
[PlyCount "41"]
[EventDate "2003.10.??"]
[EventType "team"]
[EventRounds "9"]
[EventCountry "GER"]
[SourceTitle "EXT 2006"]
[Source "ChessBase"]
[SourceDate "2005.11.24"]
[SourceVersion "1"]
[SourceVersionDate "2005.11.24"]
[SourceQuality "1"]
[WhiteTeam "Bamberg II"]
[BlackTeam "Regensburg Fortuna II"]
[WhiteTeamCountry "GER"]
[BlackTeamCountry "GER"]

1. d4 Nf6 2. Nf3 e6 3. c4 Bb4+ 4. Bd2 Qe7 5. Nc3 0-0 6. Qc2 d6 7. a3 Bxc3 8. Bxc3 Nbd7 9. e3 b6 10. Be2 Bb7 11. 0-0 Ne4 12. Rad1 f5 13. b4 Ng5 14. d5 Nxf3+ 15. Bxf3 e5 16. g3 Qg5 17. Bg2 Qh5 18. f4 e4 19. Rfe1 Nf6 20. Qe2 Qg6 21. Rd2 1/2-1/2

[Event "Landesliga Nord 0304"]
[Site "Bayern"]
[Date "2003.11.02"]
[Round "2.3"]
[White "Rix, Michael"]
[Black "Rosenberger, Berthold"]
[Result "1/2-1/2"]
[WhiteElo "2047"]
[BlackElo "2172"]
[PlyCount "37"]
[EventDate "2003.10.??"]
[EventType "team"]
[EventRounds "9"]
[EventCountry "GER"]
[SourceTitle "EXT 2006"]
[Source "ChessBase"]
[SourceDate "2005.11.24"]
[SourceVersion "1"]
[SourceVersionDate "2005.11.24"]
[SourceQuality "1"]
[WhiteTeam "Bamberg II"]
[BlackTeam "Dettingen"]
[WhiteTeamCountry "GER"]
[BlackTeamCountry "GER"]

1. d4 Nf6 2. Nf3 g6 3. g3 Bg7 4. Bg2 d6 5. 0-0 0-0 6. Re1 Nbd7 7. e4 e5 8. dxe5 Nxe5 9. Nxe5 dxe5 10. Qxd8 Rxd8 11. Nc3 c6 12. h3 Be6 13. Be3 Nd7 14. Rad1 Bf8 15. a3 f6 16. Bf1 Kf7 17. Kg2 Ke8 18. Be2 b5 19. Bg4 1/2-1/2